000 00427nam a2200181Ia 4500
005 20240823005817.0
008 240823s9999||||xx |||||||||||||| ||und||
041 _aENGLISH
082 _A620.11 M8
100 _aNarula Uma
245 0 _aMaterials Science
250 _a1st
260 _c1988
_b"TMH,New Delhi"
500 _aYES
650 _aMaterials Science
_bAeronautical Engineering
942 _cBK
999 _c156792
_d156792